[Event "DVM U20 2016"]
[Site "Borken-Gemen GER"]
[Date "2016.12.29"]
[Round "6"]
[White "Schauties, Nico Antonio"]
[Black "Kamp, Aaron"]
[Result "1/2-1/2"]
[Termination "normal"]
[Board "7.5"]
[WhiteElo "1641"]
[BlackElo "1742"]
[WhiteTeam "SV Mattnetz Berlin"]
[BlackTeam "SK Münster"]
[PlyCount "96"]
[WhiteFideId "16206371"]
[BlackFideId "16231120"]
[EventCountry "GER"]
[EventRounds "7"]
[EventType "team-swiss"]
[EventDate "2016.12.26"]

1.d4 Nf6 2.c4 g6 3.Nc3 d5 4.cxd5 Nxd5 5.e4 Nxc3 6.bxc3 Bg7 7.Nf3 c5 8.Be3 O-O
9.Bc4 Bg4 10.O-O Bxf3 11.Qxf3 cxd4 12.cxd4 Bxd4 13.Rad1 Nc6 14.Bd5 Qb6 15.Bh6
Bg7 16.Bxg7 Kxg7 17.Qc3+ Kg8 18.Rb1 Qc7 19.Rfc1 Rac8 20.Qb3 e6 21. Bxc6 bxc6
22.Qb7 Rfd8 23.Rb2 Qd6 24.Qa6 Qd1+ 25.Rxd1 Rxd1+ 26.Qf1 Rxf1+ 27.Kxf1 Rc7
28.Ke2 Kg7 29.Kd3 Kf6 30.Kd4 c5+ 31.Kc4 Ke5 32.f3 f5 33.exf5 gxf5 34.Re2+ Kd6
35.Rd2+ Ke7 36.Rb2 Kd6 37.Rd2+ Kc6 38.Re2 Re7 39.Re5 Kd6 40.Re2 Rb7 41.Rd2+ Kc6
42.a3 Rb1 43.Re2 Rc1+ 44.Kb3 Kd5 45.Rd2+ Kc6 46.Re2 Kd5 47.Rd2+ Kc6 48.Re2 Kd5
1/2-1/2

[Event "DVM U20 2016"]
[Site "Borken-Gemen GER"]
[Date "2016.12.29"]
[Round "6"]
[White "Hungeling, David"]
[Black "Klodt, Nicolas"]
[Result "0-1"]
[Termination "normal"]
[Board "7.6"]
[WhiteElo "1513"]
[BlackElo "1653"]
[WhiteTeam "SK Münster"]
[BlackTeam "SV Mattnetz Berlin"]
[PlyCount "102"]
[WhiteFideId "16222440"]
[BlackFideId "12910490"]
[EventCountry "GER"]
[EventRounds "7"]
[EventType "team-swiss"]
[EventDate "2016.12.26"]

1.e4 e5 2.Nf3 Nc6 3.Bb5 a6 4.Ba4 Bc5 5.c3 Nf6 6.O-O O-O 7.Re1 d6 8.h3 b5 9.Bb3
Bb7 10.d4 exd4 11.cxd4 Bb4 12.Bd2 Bxd2 13.Qxd2 Re8 14.e5 dxe5 15. dxe5 Qxd2
16.Nbxd2 Nh5 17.a4 Nf4 18.Re3 Rad8 19.Rd1 Nd4 20.Nxd4 Rxd4 21. Nf3 Rxd1+
22.Bxd1 Ng6 23.axb5 axb5 24.Nd4 Rd8 25.Bf3 Bxf3 26.Nxf3 Kf8 27. Rc3 Rd5 28.Rxc7
Nxe5 29.Nxe5 Rxe5 30.Rb7 g6 31.g3 Kg7 32.Rb6 f5 33.Kg2 Kh6 34.Kf3 Kg5 35.h4+
Kh5 36.Kf4 Re4+ 37.Kf3 Rb4 38.Rb7 h6 39.Rb6 Rxb2 40.Kf4 Rxf2+ 41.Ke3 Rb2 42.Kf4
Rb4+ 43.Kf3 g5 44.hxg5 hxg5 45.Kg2 Kg4 46.Kf2 Rb2+ 47.Ke3 Kxg3 48.Rg6 g4 49.Rf6
f4+ 50.Rxf4 Rb3+ 51.Ke4 Rb4+ 0-1

[Event "DVM U20 2016"]
[Site "Borken-Gemen GER"]
[Date "2016.12.29"]
[Round "6"]
[White "Keller, Peter"]
[Black "Kieslich, Aaron"]
[Result "1/2-1/2"]
[Termination "normal"]
[Board "8.1"]
[WhiteTitle "FM"]
[WhiteElo "2285"]
[BlackElo "2062"]
[WhiteTeam "Frankfurter TV"]
[BlackTeam "TuS Coswig"]
[PlyCount "119"]
[WhiteFideId "1272105"]
[BlackFideId "1270391"]
[EventCountry "GER"]
[EventRounds "7"]
[EventType "team-swiss"]
[EventDate "2016.12.26"]

1.e4 c5 2.Nf3 d6 3.Bb5+ Bd7 4.Bxd7+ Qxd7 5.c4 Nc6 6.O-O g6 7.d4 cxd4 8. Nxd4
Bg7 9.Be3 Nf6 10.f3 Rc8 11.b3 O-O 12.Nc3 e6 13.Qd2 Rfd8 14.Rfd1 d5 15.Nxc6 bxc6
16.Bg5 dxe4 17.Qf4 Nd5 18.Bxd8 Bxc3 19.Rab1 Rxd8 20.Qxe4 Qc7 21.cxd5 cxd5
22.Qd3 d4 23.Kh1 e5 24.Rbc1 Re8 25.Re1 Qe7 26.Re2 f5 27.Rxc3 dxc3 28.Qxc3 e4
29.fxe4 fxe4 30.Qc4+ Kg7 31.Qd4+ Kg8 32.h3 e3 33.b4 h6 34. Qc4+ Qe6 35.Qxe6+
Rxe6 36.a3 h5 37.h4 Kf7 38.g3 a5 39.bxa5 Ra6 40.Rxe3 Rxa5 41.Kg2 Kf6 42.Kf2 Kf5
43.Ke2 Rd5 44.a4 Ra5 45.Ra3 Ke5 46.Ke3 Kd5 47. Kd3 Kc5 48.Kc3 Kb6 49.Kb4 g5
50.Rc3 Re5 51.a5+ Ka6 52.Rc6+ Ka7 53.Rc5 gxh4 54.gxh4 Re4+ 55.Rc4 Re5 56.Rf4
Ka6 57.Rf6+ Ka7 58.Rh6 Re4+ 59.Kb5 Re5+ 60. Kb4 1/2-1/2

[Event "DVM U20 2016"]
[Site "Borken-Gemen GER"]
[Date "2016.12.29"]
[Round "6"]
[White "Engel, Jan"]
[Black "von Koslowski, Utz"]
[Result "0-1"]
[Termination "normal"]
[Board "8.3"]
[WhiteElo "1882"]
[BlackElo "1965"]
[WhiteTeam "Frankfurter TV"]
[BlackTeam "TuS Coswig"]
[PlyCount "102"]
[WhiteFideId "12993557"]
[BlackFideId "12964247"]
[EventCountry "GER"]
[EventRounds "7"]
[EventType "team-swiss"]
[EventDate "2016.12.26"]

1.e4 c5 2.Nf3 e6 3.d4 cxd4 4.Nxd4 a6 5.Nc3 Qc7 6.Be2 Nf6 7.a3 Be7 8.Be3 d6
9.O-O Nbd7 10.f4 O-O 11.Qe1 b6 12.Qg3 Kh8 13.Bf3 Ne8 14.e5 Bb7 15.f5 Nxe5
16.fxe6 Bxf3 17.Rxf3 Nxf3+ 18.Qxf3 Nf6 19.exf7 Qc4 20.Ne4 Nxe4 21.Qxe4 Qxf7
22.Ne6 Qf5 23.Qxf5 Rxf5 24.Nd4 Re5 25.Bf2 Bf6 26.g3 Rae8 27.Rd1 b5 28.c3 Kg8
29.Kf1 Rh5 30.Nf3 Rf5 31.Nd4 Bxd4 32.Rxd4 d5 33.Rd2 Kf7 34.Kg2 Re4 35.Bd4 g6
36.Bf2 Ke6 37.Bd4 g5 38.Rf2 h5 39.Rd2 Rf7 40.Bf2 h4 41.Rc2 Rh7 42.gxh4 gxh4
43.Rd2 h3+ 44.Kf3 Rg7 45.Bd4 Rg5 46.Bc5 Ree5 47.Bb6 Ref5+ 48.Ke3 Rg2 49.Bc7
Rxd2 50.Kxd2 Rf2+ 51.Kc1 Kf5 0-1

[Event "DVM U20 2016"]
[Site "Borken-Gemen GER"]
[Date "2016.12.29"]
[Round "6"]
[White "von Koslowski, Wilhelm"]
[Black "Pham, Phuong-Bao"]
[Result "0-1"]
[Termination "normal"]
[Board "8.4"]
[WhiteElo "1509"]
[BlackElo "1840"]
[WhiteTeam "TuS Coswig"]
[BlackTeam "Frankfurter TV"]
[PlyCount "48"]
[WhiteFideId "12985147"]
[BlackFideId "12939196"]
[EventCountry "GER"]
[EventRounds "7"]
[EventType "team-swiss"]
[EventDate "2016.12.26"]

1.e4 c5 2.Nf3 Nc6 3.d4 cxd4 4.Nxd4 g6 5.Be3 Bg7 6.Nc3 Nf6 7.Be2 O-O 8.Qd2 d5
9.exd5 Nxd5 10.O-O-O Nxe3 11.fxe3 Qa5 12.Bc4 Bg4 13.Be2 Bxe2 14.Ndxe2 Rfd8
15.Qe1 Rxd1+ 16.Qxd1 Rd8 17.Qe1 b5 18.Kb1 b4 19.Nd1 Qe5 20.c3 Qe4+ 21.Ka1 Qxg2
22.Nf4 Qd2 23.Qxd2 Rxd2 24.h3 e5 0-1

[Event "DVM U20 2016"]
[Site "Borken-Gemen GER"]
[Date "2016.12.29"]
[Round "6"]
[White "De Andrade, Leon"]
[Black "Lehne, Arwin Hugo"]
[Result "1/2-1/2"]
[Termination "normal"]
[Board "8.5"]
[WhiteElo "1737"]
[BlackElo "1457"]
[WhiteTeam "Frankfurter TV"]
[BlackTeam "TuS Coswig"]
[PlyCount "96"]
[WhiteFideId "12993158"]
[BlackFideId "12985090"]
[EventCountry "GER"]
[EventRounds "7"]
[EventType "team-swiss"]
[EventDate "2016.12.26"]

1.d4 d5 2.c4 c6 3.Nc3 Nf6 4.e3 Bf5 5.Nf3 e6 6.Be2 Bd6 7.O-O O-O 8.a3 Nbd7 9.b4
dxc4 10.Bxc4 Nb6 11.Bb3 Nbd5 12.Bb2 Qc7 13.Qe2 Ne4 14.Nxd5 cxd5 15. Rac1 Qe7
16.Nh4 Bg6 17.Nxg6 fxg6 18.f3 Nf6 19.e4 dxe4 20.fxe4 Bc7 21.Qc4 Bb6 22.Qxe6+
Qxe6 23.Bxe6+ Kh8 24.e5 Nh5 25.Rxf8+ Rxf8 26.Rc8 Rxc8 27.Bxc8 Nf4 28.Kf1 Kg8
29.Bxb7 Kf8 30.g3 Ne6 31.d5 Nd8 32.Ba6 Ke7 33.Ke2 Nf7 34. Kd3 Bg1 35.Bd4 Bxh2
36.Bxa7 Nxe5+ 37.Ke4 Bxg3 38.Bb8 Kf6 39.b5 h5 40.b6 h4 41.Bf1 Nd7 42.Bxg3 hxg3
43.b7 Nc5+ 44.Kd4 Nxb7 45.Bg2 Ke7 46.Kc4 Kd6 47.a4 Kc7 48.Kb4 Kb6 1/2-1/2

[Event "DVM U20 2016"]
[Site "Borken-Gemen GER"]
[Date "2016.12.29"]
[Round "6"]
[White "Mallon, Frederik"]
[Black "Werle, Joshua"]
[Result "1/2-1/2"]
[Termination "normal"]
[Board "8.6"]
[WhiteElo "1427"]
[BlackElo "1800"]
[WhiteTeam "TuS Coswig"]
[BlackTeam "Frankfurter TV"]
[PlyCount "81"]
[WhiteFideId "12985104"]
[BlackFideId "12973890"]
[EventCountry "GER"]
[EventRounds "7"]
[EventType "team-swiss"]
[EventDate "2016.12.26"]

1.d4 d5 2.c4 Nc6 3.Nc3 dxc4 4.e3 Nf6 5.Bxc4 e5 6.Nge2 exd4 7.Nxd4 Nxd4 8. Qxd4
Qxd4 9.exd4 Bb4 10.O-O O-O 11.Bf4 Bf5 12.a3 Ba5 13.Rfe1 Rfe8 14.Re5 Rxe5
15.Bxe5 Bb6 16.Rd1 Rd8 17.Bxf6 gxf6 18.Nd5 Kg7 19.Nxb6 axb6 20.d5 Kf8 21.h3 Ke7
22.g4 Bd7 23.Kg2 Kd6 24.Kf3 Re8 25.Rd3 Re1 26.Kg2 Re5 27.Kg3 b5 28.Ba2 Re2
29.Rb3 Rd2 30.Rb4 Rd3+ 31.Kg2 h5 32.Rb3 Rxb3 33.Bxb3 hxg4 34. hxg4 Bxg4 35.Kg3
Bc8 36.Kf4 Bh3 37.Kg3 Bc8 38.Kf3 Ke5 39.Ke3 Bh3 40.Ba2 b6 41.f4+ 1/2-1/2

[Event "DVM U20 2016"]
[Site "Borken-Gemen GER"]
[Date "2016.12.30"]
[Round "7"]
[White "Ruff, Maximilian"]
[Black "Flüchter, Gregor"]
[Result "1/2-1/2"]
[Termination "normal"]
[Board "1.1"]
[WhiteTitle "FM"]
[WhiteElo "2228"]
[BlackElo "2168"]
[WhiteClock "00:22:01"]
[BlackClock "00:23:06"]
[WhiteTeam "SF Sasbach"]
[BlackTeam "SF Brackel"]
[PlyCount "49"]
[WhiteFideId "1271670"]
[BlackFideId "12903396"]
[EventCountry "GER"]
[EventRounds "7"]
[EventType "team-swiss"]
[EventDate "2016.12.26"]

1. d4 {[%clk 1:30:55]} d5 {[%clk 1:30:55]} 2. c4 {[%clk 1:31:17]} c6 {[%clk
1:31:20]} 3. Nc3 {[%clk 1:31:14]} Nf6 {[%clk 1:31:41]} 4. cxd5 {[%clk 1:30:55]}
cxd5 {[%clk 1:32:03]} 5. Bf4 {[%clk 1:31:19]} Nc6 {[%clk 1:31:50]} 6. e3 {[%clk
1:31:38]} e6 {[%clk 1:32:01]} 7. Bd3 {[%clk 1:31:22]} Be7 {[%clk 1:32:10]} 8.
h3 {[%clk 1:31:20]} O-O {[%clk 1:31:11]} 9. Nf3 {[%clk 1:31:22]} Bd7 {[%clk
1:30:59]} 10. O-O {[%clk 1:31:15]} Rc8 {[%clk 1:21:17]} 11. Rc1 {[%clk
1:28:41]} a6 {[%clk 1:12:31]} 12. Ne5 {[%clk 1:22:35]} Nxe5 {[%clk 1:10:38]}
13. dxe5 {[%clk 1:20:49]} Ne8 {[%clk 1:10:50]} 14. Qb3 {[%clk 1:12:12]} b5
{[%clk 0:51:53]} 15. Ne2 {[%clk 0:58:38]} Nc7 {[%clk 0:40:27]} 16. Rc2 {[%clk
0:43:34]} Na8 {[%clk 0:38:07]} 17. Rfc1 {[%clk 0:41:28]} Rxc2 {[%clk 0:25:48]}
18. Qxc2 {[%clk 0:41:41]} g6 {[%clk 0:25:55]} 19. Bh6 {[%clk 0:36:28]} Re8
{[%clk 0:26:18]} 20. Nd4 {[%clk 0:35:04]} Nb6 {[%clk 0:23:34]} 21. Nc6 {[%clk
0:26:02]} Bxc6 {[%clk 0:23:37]} 22. Qxc6 {[%clk 0:26:27]} Qb8 {[%clk 0:23:23]}
23. Qc7 {[%clk 0:24:24]} Nc4 {[%clk 0:22:44]} 24. Qxb8 {[%clk 0:23:42]} Rxb8
{[%clk 0:23:06]} 25. Bxc4 {[%clk 0:22:01]} 1/2-1/2

[Event "DVM U20 2016"]
[Site "Borken-Gemen GER"]
[Date "2016.12.30"]
[Round "7"]
[White "Stemmler, Fabian"]
[Black "Ehmann, Thilo"]
[Result "1/2-1/2"]
[Termination "normal"]
[Board "1.2"]
[BlackTitle "FM"]
[WhiteElo "2087"]
[BlackElo "2272"]
[WhiteClock "00:02:47"]
[BlackClock "00:30:14"]
[WhiteTeam "SF Brackel"]
[BlackTeam "SF Sasbach"]
[PlyCount "75"]
[WhiteFideId "12964808"]
[BlackFideId "12940968"]
[EventCountry "GER"]
[EventRounds "7"]
[EventType "team-swiss"]
[EventDate "2016.12.26"]

1. d4 {[%clk 1:30:58]} d5 {[%clk 1:30:57]} 2. Bf4 {[%clk 1:31:23]} e6 {[%clk
1:31:23]} 3. Nf3 {[%clk 1:31:44]} Bd6 {[%clk 1:31:46]} 4. Bg3 {[%clk 1:30:10]}
c5 {[%clk 1:32:05]} 5. e3 {[%clk 1:28:24]} Nf6 {[%clk 1:32:25]} 6. c3 {[%clk
1:27:51]} O-O {[%clk 1:32:27]} 7. Nbd2 {[%clk 1:26:20]} Nc6 {[%clk 1:32:14]} 8.
Bd3 {[%clk 1:25:16]} Re8 {[%clk 1:32:27]} 9. Ne5 {[%clk 1:20:35]} Bxe5 {[%clk
1:32:34]} 10. dxe5 {[%clk 1:02:13]} Nd7 {[%clk 1:28:14]} 11. Qc2 {[%clk
1:00:27]} h6 {[%clk 1:25:47]} 12. f4 {[%clk 1:00:05]} b6 {[%clk 1:24:02]} 13.
O-O {[%clk 0:57:40]} a5 {[%clk 1:24:17]} 14. Nf3 {[%clk 0:53:41]} Ba6 {[%clk
1:24:23]} 15. Bxa6 {[%clk 0:53:17]} Rxa6 {[%clk 1:24:48]} 16. Bh4 {[%clk
0:53:03]} Qa8 {[%clk 1:20:29]} 17. Qf2 {[%clk 0:50:07]} Ne7 {[%clk 1:20:08]}
18. Bxe7 {[%clk 0:48:10]} Rxe7 {[%clk 1:20:15]} 19. g4 {[%clk 0:41:46]} Qf8
{[%clk 1:18:20]} 20. Qh4 {[%clk 0:39:23]} g6 {[%clk 1:14:59]} 21. e4 {[%clk
0:32:09]} dxe4 {[%clk 1:09:53]} 22. Nd2 {[%clk 0:32:32]} f5 {[%clk 1:09:25]}
23. exf6 {[%clk 0:32:45]} Nxf6 {[%clk 1:09:47]} 24. Rae1 {[%clk 0:32:52]} e3
{[%clk 1:05:59]} 25. Rxe3 {[%clk 0:32:49]} Nd5 {[%clk 1:06:25]} 26. Ref3 {[%clk
0:26:30]} c4 {[%clk 1:01:17]} 27. Nxc4 {[%clk 0:21:43]} Qg7 {[%clk 0:55:52]}
28. Ne5 {[%clk 0:19:41]} Ra8 {[%clk 0:55:46]} 29. Qf2 {[%clk 0:18:57]} g5
{[%clk 0:52:53]} 30. Nd3 {[%clk 0:18:34]} Rf8 {[%clk 0:41:20]} 31. f5 {[%clk
0:10:42]} exf5 {[%clk 0:40:05]} 32. Rxf5 {[%clk 0:10:47]} Rxf5 {[%clk 0:40:26]}
33. Qxf5 {[%clk 0:11:12]} Ne3 {[%clk 0:40:47]} 34. Qc8+ {[%clk 0:11:29]} Kh7
{[%clk 0:41:09]} 35. Rf8 {[%clk 0:04:08]} Rf7 {[%clk 0:33:28]} 36. Rxf7 {[%clk
0:03:50]} Qxf7 {[%clk 0:33:51]} 37. Nf2 {[%clk 0:04:09]} Qf3 {[%clk 0:30:14]}
38. Qc7+ {[%clk 0:02:47]} 1/2-1/2

[Event "DVM U20 2016"]
[Site "Borken-Gemen GER"]
[Date "2016.12.30"]
[Round "7"]
[White "Riehle, Marco"]
[Black "Elier, Ali"]
[Result "0-1"]
[Termination "normal"]
[Board "1.3"]
[WhiteElo "2303"]
[BlackElo "1859"]
[WhiteClock "01:10:58"]
[BlackClock "00:19:06"]
[WhiteTeam "SF Sasbach"]
[BlackTeam "SF Brackel"]
[PlyCount "118"]
[WhiteFideId "12904392"]
[BlackFideId "16217543"]
[EventCountry "GER"]
[EventRounds "7"]
[EventType "team-swiss"]
[EventDate "2016.12.26"]

1. d4 {[%clk 1:30:40]} d5 {[%clk 1:30:01]} 2. c4 {[%clk 1:31:00]} e6 {[%clk
1:30:17]} 3. Nc3 {[%clk 1:31:10]} c5 {[%clk 1:30:24]} 4. cxd5 {[%clk 1:30:51]}
cxd4 {[%clk 1:30:46]} 5. Qa4+ {[%clk 1:30:38]} Bd7 {[%clk 1:30:50]} 6. Qxd4
{[%clk 1:31:02]} exd5 {[%clk 1:31:05]} 7. Qxd5 {[%clk 1:31:27]} Nc6 {[%clk
1:31:03]} 8. Nf3 {[%clk 1:31:19]} Nf6 {[%clk 1:31:05]} 9. Qd1 {[%clk 1:31:43]}
Bc5 {[%clk 1:28:28]} 10. e3 {[%clk 1:31:40]} Qe7 {[%clk 1:27:56]} 11. Be2
{[%clk 1:32:03]} O-O-O {[%clk 1:27:42]} 12. O-O {[%clk 1:32:29]} g5 {[%clk
1:26:55]} 13. b4 {[%clk 1:32:52]} Bxb4 {[%clk 1:24:26]} 14. Bb2 {[%clk
1:32:31]} Rhg8 {[%clk 1:16:50]} 15. Nb5 {[%clk 1:31:23]} Ne4 {[%clk 1:04:37]}
16. Nfd4 {[%clk 1:28:15]} Nxd4 {[%clk 0:49:11]} 17. Bxd4 {[%clk 1:16:01]} Bxb5
{[%clk 0:36:16]} 18. Bxb5 {[%clk 1:16:08]} Bc5 {[%clk 0:35:08]} 19. Qg4+ {[%clk
1:04:07]} Kb8 {[%clk 0:33:23]} 20. Bxc5 {[%clk 1:03:31]} Nxc5 {[%clk 0:32:37]}
21. Rab1 {[%clk 1:01:12]} Rc8 {[%clk 0:25:40]} 22. Be2 {[%clk 0:58:35]} Rc7
{[%clk 0:23:53]} 23. Bf3 {[%clk 0:58:09]} Qe6 {[%clk 0:19:42]} 24. Qb4 {[%clk
0:56:12]} g4 {[%clk 0:19:12]} 25. Be2 {[%clk 0:55:56]} Qxa2 {[%clk 0:17:42]}
26. Bxg4 {[%clk 0:52:07]} Qa4 {[%clk 0:17:49]} 27. Qxa4 {[%clk 0:51:51]} Nxa4
{[%clk 0:18:11]} 28. Bf3 {[%clk 0:52:11]} Nc3 {[%clk 0:17:19]} 29. Rb3 {[%clk
0:52:22]} a5 {[%clk 0:14:29]} 30. Ra1 {[%clk 0:50:26]} a4 {[%clk 0:14:45]} 31.
Rb4 {[%clk 0:50:11]} b5 {[%clk 0:13:56]} 32. Kf1 {[%clk 0:49:00]} Ka7 {[%clk
0:10:18]} 33. Be2 {[%clk 0:48:04]} Nxe2 {[%clk 0:09:30]} 34. Kxe2 {[%clk
0:48:33]} Ka6 {[%clk 0:09:30]} 35. Rh4 {[%clk 0:47:47]} Rxg2 {[%clk 0:06:28]}
36. Ra2 {[%clk 0:45:16]} Rg6 {[%clk 0:04:13]} 37. Rxh7 {[%clk 0:45:07]} Rgc6
{[%clk 0:04:13]} 38. Kd2 {[%clk 0:44:42]} Ka5 {[%clk 0:04:08]} 39. Rh8 {[%clk
0:43:34]} Rd7+ {[%clk 0:02:42]} 40. Ke2 {[%clk 0:42:52]} Rc5 {[%clk 0:02:07]}
41. Rb2 {[%clk 0:42:36]} Ra7 {[%clk 0:02:11]} 42. h4 {[%clk 0:41:09]} a3 {[%clk
0:02:02]} 43. Ra2 {[%clk 0:40:41]} Kb4 {[%clk 0:01:20]} 44. Rd8 {[%clk
0:40:44]} Kb3 {[%clk 0:30:51]} 45. Ra1 {[%clk 1:11:35]} a2 {[%clk 0:28:10]} 46.
Rdd1 {[%clk 1:10:51]} Rc2+ {[%clk 0:27:28]} 47. Kf3 {[%clk 1:10:53]} Kb2 {[%clk
0:27:00]} 48. h5 {[%clk 1:09:53]} Ra6 {[%clk 0:26:32]} 49. Rh1 {[%clk 1:10:09]}
Rh6 {[%clk 0:26:19]} 50. Raf1 {[%clk 1:09:25]} b4 {[%clk 0:26:19]} 51. Kg4
{[%clk 1:09:52]} b3 {[%clk 0:25:54]} 52. Kg5 {[%clk 1:10:09]} Rcc6 {[%clk
0:25:54]} 53. f4 {[%clk 1:10:17]} Ka3 {[%clk 0:26:05]} 54. e4 {[%clk 1:10:35]}
b2 {[%clk 0:25:39]} 55. e5 {[%clk 1:10:57]} Rb6 {[%clk 0:22:27]} 56. f5 {[%clk
1:10:44]} b1=Q {[%clk 0:19:37]} 57. Rxb1 {[%clk 1:10:25]} Rxh5+ {[%clk
0:19:29]} 58. Kxh5 {[%clk 1:10:47]} Rxb1 {[%clk 0:19:48]} 59. Rh3+ {[%clk
1:10:58]} Kb4 {[%clk 0:19:06]} 0-1

[Event "DVM U20 2016"]
[Site "Borken-Gemen GER"]
[Date "2016.12.30"]
[Round "7"]
[White "Wastian, Jan"]
[Black "Bohnert, Dominik"]
[Result "1/2-1/2"]
[Termination "normal"]
[Board "1.4"]
[WhiteElo "1960"]
[BlackElo "2027"]
[WhiteClock "00:17:29"]
[BlackClock "00:11:29"]
[WhiteTeam "SF Brackel"]
[BlackTeam "SF Sasbach"]
[PlyCount "51"]
[WhiteFideId "12911640"]
[BlackFideId "12918075"]
[EventCountry "GER"]
[EventRounds "7"]
[EventType "team-swiss"]
[EventDate "2016.12.26"]

1. e4 {[%clk 1:30:54]} c5 {[%clk 1:30:56]} 2. c3 {[%clk 1:31:13]} Qa5 {[%clk
1:31:20]} 3. Nf3 {[%clk 1:24:41]} d6 {[%clk 1:26:57]} 4. d4 {[%clk 1:16:19]}
cxd4 {[%clk 1:27:01]} 5. Nxd4 {[%clk 1:15:42]} Nf6 {[%clk 1:24:13]} 6. Bd3
{[%clk 1:12:51]} a6 {[%clk 1:21:41]} 7. O-O {[%clk 1:10:35]} Qc7 {[%clk
1:18:28]} 8. Nd2 {[%clk 1:05:37]} e6 {[%clk 1:16:52]} 9. f4 {[%clk 1:02:06]} e5
{[%clk 1:13:36]} 10. fxe5 {[%clk 1:00:12]} dxe5 {[%clk 1:09:04]} 11. N4b3
{[%clk 0:57:39]} Be6 {[%clk 1:05:54]} 12. Qe2 {[%clk 0:55:16]} Nbd7 {[%clk
1:01:50]} 13. Nf3 {[%clk 0:51:03]} Nc5 {[%clk 0:58:53]} 14. Nxc5 {[%clk
0:48:51]} Bxc5+ {[%clk 0:59:20]} 15. Be3 {[%clk 0:44:25]} O-O-O {[%clk
0:50:16]} 16. Kh1 {[%clk 0:40:31]} Bxe3 {[%clk 0:47:49]} 17. Qxe3 {[%clk
0:40:19]} Ng4 {[%clk 0:47:50]} 18. Qe2 {[%clk 0:35:47]} Rxd3 {[%clk 0:44:51]}
19. Qxd3 {[%clk 0:32:11]} Bc4 {[%clk 0:43:07]} 20. Qd2 {[%clk 0:30:09]} Bxf1
{[%clk 0:38:35]} 21. Rxf1 {[%clk 0:29:30]} f6 {[%clk 0:31:51]} 22. h3 {[%clk
0:25:14]} h5 {[%clk 0:22:14]} 23. Rd1 {[%clk 0:21:59]} Kb8 {[%clk 0:20:23]} 24.
Nh2 {[%clk 0:17:55]} Nxh2 {[%clk 0:13:51]} 25. Kxh2 {[%clk 0:18:18]} Qc4 {[%clk
0:11:29]} 26. Qd5 {[%clk 0:17:29]} 1/2-1/2

[Event "DVM U20 2016"]
[Site "Borken-Gemen GER"]
[Date "2016.12.30"]
[Round "7"]
[White "Zimmer, Raphael"]
[Black "Birnkraut, Tim"]
[Result "1/2-1/2"]
[Termination "normal"]
[Board "1.5"]
[WhiteElo "2252"]
[BlackElo "1875"]
[WhiteClock "01:24:08"]
[BlackClock "00:49:57"]
[WhiteTeam "SF Sasbach"]
[BlackTeam "SF Brackel"]
[PlyCount "40"]
[WhiteFideId "12978841"]
[BlackFideId "24609587"]
[EventCountry "GER"]
[EventRounds "7"]
[EventType "team-swiss"]
[EventDate "2016.12.26"]

1. e4 {[%clk 1:30:56]} e5 {[%clk 1:30:29]} 2. Nf3 {[%clk 1:31:07]} Nc6 {[%clk
1:30:51]} 3. d4 {[%clk 1:31:18]} exd4 {[%clk 1:30:47]} 4. Bc4 {[%clk 1:31:31]}
Nf6 {[%clk 1:30:34]} 5. O-O {[%clk 1:31:09]} Nxe4 {[%clk 1:28:49]} 6. Re1
{[%clk 1:30:42]} d5 {[%clk 1:28:47]} 7. Bxd5 {[%clk 1:30:25]} Qxd5 {[%clk
1:29:09]} 8. Nc3 {[%clk 1:30:28]} Qh5 {[%clk 1:27:19]} 9. Nxe4 {[%clk 1:29:54]}
Be6 {[%clk 1:26:27]} 10. Bg5 {[%clk 1:28:56]} Bd6 {[%clk 1:20:58]} 11. Nxd6+
{[%clk 1:27:20]} cxd6 {[%clk 1:20:51]} 12. Bf4 {[%clk 1:26:52]} Qd5 {[%clk
1:08:47]} 13. c3 {[%clk 1:25:24]} O-O {[%clk 0:52:51]} 14. Nxd4 {[%clk
1:24:56]} Nxd4 {[%clk 0:51:15]} 15. Qxd4 {[%clk 1:25:00]} Qxd4 {[%clk 0:50:54]}
16. cxd4 {[%clk 1:25:19]} d5 {[%clk 0:50:38]} 17. Rac1 {[%clk 1:24:53]} Rac8
{[%clk 0:49:45]} 18. b3 {[%clk 1:23:48]} Rxc1 {[%clk 0:49:11]} 19. Rxc1 {[%clk
1:24:09]} Rc8 {[%clk 0:49:32]} 20. Rxc8+ {[%clk 1:24:08]} Bxc8 {[%clk 0:49:57]}
1/2-1/2